00374nam a2200133 a 450000500170000000800410001702000180005805000240007624500300010026000600013030000210019052100090021165000200022020140310183529.0110822s19uu xx 00 eng d a9781422139851 aHF 5387b.D638 2010 aDoing business ethically. aBoston, Massachusetts :bHarvard Business Press,c2009. a99 p. :c18 cm.  aBSBA aBusiness ethics